000 00670nam a2200217 i 4500
001 69636
003 ES-MaACL
005 20250807211448.0
007 t|
008 040708s1961 sp ||||1| spa d
080 _a396:28
100 1 _aGarcía D. Figar, Antonio.
_954397
245 1 0 _aPor una mujer mejor /
_cAntonio García D. Figar ; prólogo por Manuel Ubeda Purkiss.
260 _aMadrid :
_bMorata,
_c[1961]
300 _a221 p. ;
_c21 cm.
650 4 _aMujeres-
_xMoral práctica.
_9154966
650 7 _aMujeres en la Iglesia Católica
_2embne
_9155915
700 1 _aUbeda Purkiss, Manuel.
_9111831
852 4 _aES-MaACL
_jC-20097
999 _c69636
_d69636